LIBRARY & INFORMATION CENTRE, KCAET, TAVANUR

ONLINE PUBLIC ACCESS CATALOGUE (OPAC)

Residential energy systems and climate control technology : (Record no. 15508)

MARC details
000 -LEADER
fixed length control field 00519pam a2200181 a 4500
003 - CONTROL NUMBER IDENTIFIER
control field OSt
008 - FIXED-LENGTH DATA ELEMENTS--GENERAL INFORMATION
fixed length control field 871005s1988 njua 001 0 eng
020 ## - INTERNATIONAL STANDARD BOOK NUMBER
ISBN 0137748116 :
082 00 - DEWEY DECIMAL CLASSIFICATION NUMBER
Classification number 697
Item number GRE/RE
100 1# - MAIN ENTRY--AUTHOR NAME
Personal name Greenwald, Martin L.,
245 10 - TITLE STATEMENT
Title Residential energy systems and climate control technology :
260 ## - PUBLICATION, DISTRIBUTION, ETC. (IMPRINT)
Place of publication Englewood Cliffs, N.J. :
Name of publisher Prentice Hall,
Year of publication c1988.
300 ## - PHYSICAL DESCRIPTION
Number of Pages xiv, 402 p. :
Other physical details ill. ;
500 ## - GENERAL NOTE
General note Includes index.
650 #0 - SUBJECT ADDED ENTRY--TOPICAL TERM
Topical Term Dwellings
650 #0 - SUBJECT ADDED ENTRY--TOPICAL TERM
Topical Term Dwellings
942 ## - ADDED ENTRY ELEMENTS (KOHA)
Koha item type Books
Holdings
Withdrawn status Lost status Damaged status Home library Current library Date acquired Full call number Accession Number Koha item type
      KAUAET KAUAET 18/08/2018 697 GRE/RE 18081 A Books
free website counter